| 000 | 01097nam a22002777a 4500 | ||
|---|---|---|---|
| 999 |
_c65384 _d65384 |
||
| 005 | 20240530110822.0 | ||
| 008 | 190717s2019 ua ak g b 000 0 ara d | ||
| 017 |
_a28025 _bمصر. دار الكتب |
||
| 020 | _a9789773086268 | ||
| 040 |
_aEG-CaGPL _cEG-CaGPL |
||
| 082 | 0 | 4 |
_221 _a370.15/ _bم ا |
| 100 | 0 | _aمحمد سميح ممدوح صابر | |
| 245 | 1 | 0 |
_aاستراتيجيات علم النفس التربوى بين الواقع والمامول / _cمحمد سميح ممدوح صابر |
| 250 | _aط.1 | ||
| 260 |
_aالقاهرة : _bدار العلم والايمان للنشر والتوزيع، _c2019. |
||
| 300 |
_a287 ص.: _bايض ؛ _c24 سم. |
||
| 504 | _aيشتمل على ارجاعات ببليوجرافية | ||
| 650 | 0 | 7 |
_2qrmak _aالتفكير |
| 650 | 0 | 7 |
_2qrmak _aالادراك |
| 650 | 0 | 7 |
_2qrmak _aعلم النفس التربوى |
| 650 | 0 | 7 |
_2qrmak _aعلم النفس التطبيقى |
| 650 | 0 | 7 |
_2qrmak _aالفروق الفردية فى التعليم |
| 651 | _2qrmak | ||
| 942 |
_2ddc _cBK |
||